000 00483cam a22001217a 4500
008 180718b1979 xxu||||| |||| 00| 0 eng d
082 _aA81x54 In2/71/10/PT2C/1&PT5A
100 _aCensus of India 1971
245 _aMadhya Pradesh: social and cultural tables and special tables on scheduled castes and scheduled tribes
260 _aDelhi
_bThe Controller of Publications
_c1979
300 _a734+p.
440 _aCensus of India 1971. Series-10, Madhya Pradesh. Part II-C (i) & Part V-A
999 _c485213
_d485213